000146408 001__ 146408 000146408 005__ 20241122150938.0 000146408 037__ $$aTAZ-TFG-2024-3654 000146408 041__ $$aspa 000146408 1001_ $$aDANDU, REBECA RALUCA 000146408 24200 $$aPATRIMONIAL RESPONSIBILITY OF THE ADMINISTRATION, CONCURRENCE OF FAULTS WITH SPECIAL MENTION OF THE CONCURRENCE OF THE VICTIMS GUILT WITHIN A TRAFFIC ACCIDENT 000146408 24500 $$aRESPONSABILIDAD PATRIMONIAL DE LA ADMINISTRACIÓN, CONCURRENCIA DE CULPAS CON ESPECIAL MENCIÓN A LA CONCURRENCIA DE LA CULPA DE LA VÍCTIMA EN EL GÉNESIS DE UN ACCIDENTE DE TRÁFICO 000146408 260__ $$aZaragoza$$bUniversidad de Zaragoza$$c2024 000146408 506__ $$aby-nc-sa$$bCreative Commons$$c3.0$$uhttp://creativecommons.org/licenses/by-nc-sa/3.0/ 000146408 520__ $$aEl trabajo que nos ocupa pretende analizar la situación actual dentro del problema multifacético de la concurrencia de culpas específicamente para aquellos casos en los que dentro de un procedimiento de responsabilidad patrimonial de la Administración se observa la cooperación de la víctima en el génesis del resultado dañoso con particular mención a aquellos en los que lo anterior se desarrolla dentro del contexto de un accidente de tráfico. <br /> 000146408 521__ $$aGraduado en Derecho 000146408 540__ $$aDerechos regulados por licencia Creative Commons 000146408 691__ $$a0 000146408 692__ $$a 000146408 700__ $$aEmbid Irujo, Antonio$$edir. 000146408 7102_ $$aUniversidad de Zaragoza$$bDerecho Público$$cDerecho Administrativo 000146408 8560_ $$f779379@unizar.es 000146408 8564_ $$s528565$$uhttps://zaguan.unizar.es/record/146408/files/TAZ-TFG-2024-3654.pdf$$yMemoria (spa) 000146408 909CO $$ooai:zaguan.unizar.es:146408$$pdriver$$ptrabajos-fin-grado 000146408 950__ $$a 000146408 951__ $$adeposita:2024-11-22 000146408 980__ $$aTAZ$$bTFG$$cDER 000146408 999__ $$a20240712163737.CREATION_DATE